| 000 | 00972cam a22002651i 4500 | ||
|---|---|---|---|
| 003 | SA-RiAUC | ||
| 005 | 20250509173900.0 | ||
| 008 | 250507s2003 su g f00000 ara c | ||
| 020 | _a9960002276 | ||
| 040 |
_aSA-JeALM _bara _cSA-RiAUC _erda |
||
| 082 | 0 | 4 | _a232.89 |
| 090 |
_a232.89 _bج ي ل |
||
| 100 | 1 |
_aالجيلاني، عبد اللطيف بن محمد _eمؤلف. |
|
| 245 | 1 | 0 |
_a كتب المسلسلات عند المحدثين / _cعبد اللطيف بن محمد الجيلاني. |
| 250 | _aالطبعة الأولى. | ||
| 264 | 1 |
_aالرياض : _bمكتبة الملك فهد الوطنية، _c2003 |
|
| 300 |
_a147 صفحة ؛ _c24 سم |
||
| 336 |
_aنص _btxt _2rdacontent _3كتاب |
||
| 337 |
_aبدون وسيط _bn _2rdamedia |
||
| 338 |
_aمجلد _bnc _2rdacarrier |
||
| 650 | 7 |
_aالحديث المسلسل _2aucsh |
|
| 650 | 7 |
_aالحديث _xإسناد _2aucsh |
|
| 942 |
_2ddc _cBOOK _n0 |
||
| 949 |
_aSA-JeALM _d250507 _umohamedma123 _n1 |
||
| 999 |
_c7764 _d7764 |
||